| 000 | 00814cab a2200241 4500 | ||
|---|---|---|---|
| 001 | WB3343-19 | ||
| 008 | 090401t1997 xxu||||| |||| 00| 0 eng d | ||
| 035 | _a(Sirsi) u81902 | ||
| 041 | _aeng | ||
| 245 | _aPrescott allows phone mast appeal | ||
| 260 | _c1997 | ||
| 350 | _a0 | ||
| 490 |
_aDaily Telegraph _v3 November 1997, 9(1) |
||
| 520 | _aThe Deputy Prime Minister has overruled a council and permitted a 30m high mobile telephone mast to be built in an Area of Outstanding Natural Beauty where development is normally restricted. | ||
| 650 | _aAREA OF OUTSTANDING NATURAL BEAUTY | ||
| 650 | _aMOBILE PHONE MASTS | ||
| 650 | _aPLANNING APPEAL | ||
| 650 | _aPLANNING PERMISSION | ||
| 650 | _aTELECOMMUNICATIONS MAST | ||
| 690 | _aPLANNING LAW AND PRACTICE | ||
| 942 | _n0 | ||
| 948 | _c04/11/1997 | ||
| 999 |
_c51644 _d51644 |
||